Szczegóły MARC21

Umowy w obrocie gospodarczym : wzory, komentarze, orzecznictwo /

003 -Nazwa inst., której nr kontr. jest w polu 001 [,]
    • @
    • Nazwa instytucji, której n kontrolny jest w polu 001
    • NUKAT
005 -DATA I CZAS OSTATNIEJ MODYFIKACJI [,]
    • @
    • pole kontrolne
    • 20241231100559.0
020 -Międzynarod. znormalizowany nr książki - ISBN [ , ]
    • a
    • Numer ISBN
    • 9788326411922 Find
040 -Instytucja sporządzająca opis [ , ]
    • a
    • Instytucja, która sporządziła opis (NP)
    • OLSZT 003/JG
    • c
    • Instytucja, która sporządziła rekord (NP)
    • OLSZT 003/JGs
    • d
    • Instytucja, która zmodyfikowała rekord (P)
    • OLSZT 003/DK
942 -Rodzaj dokumentu [ , ]
    • c
    • Rodzaj dokumentu
    • Książka
100 -Hasło główne - nazwa osobowa [1, ]
    • a
    • Nazwa osobowa (NP)
    • Bryłowski, Przemysław.
    • 9
    • KHW
    • 13405
245 -Strefa tytułu i oznaczenia odpowiedzialności [1,0]
    • a
    • Tytuł
    • Umowy w obrocie gospodarczym : Find
    • b
    • Ciąg dalszy tytułu (NP)
    • wzory, komentarze, orzecznictwo / Find
    • c
    • Pozostałe elementy strefy tytułu i oznaczenia odpowiedzialności (NP)
    • Przemysław Bryłowski, Paweł Daszczuk, Małgorzata Dumkiewicz, Zdzisław Gawlik, Agnieszka Goldiszewicz, Katarzyna Kopaczyńska-Pieczniak, Grzegorz Kozieł, Adrian Niewęgłowski, Elżbieta Niezbecka, Marcin Orlicki, Jerzy Szczotka, Joanna Wiak, Jacek Widło, Karolina Wyrwińska.
250 -Strefa wydania [ , ]
    • a
    • Oznaczenie wydania (NP)
    • Stan prawny na 1 lutego 2015 r.
260 -Strefa adresu wydawniczego [ , ]
    • a
    • Miejsce wydania (P)
    • Warszawa :
    • b
    • Nazwa wydawcy (P)
    • Lex a Wolters Kluwer business,
    • c
    • Data wydania (P)
    • 2015.
300 -Strefa opisu fizycznego [ , ]
    • a
    • Określenie formy książki i/lub objętość (NP)
    • 962 s. ;
    • c
    • Format (NP)
    • 25 cm.
336 -Typ zawartości [ , ]
    • a
    • Termin opisujący typ zawartości
    • Tekst
    • b
    • Kod określający zawartość
    • txt
    • 2
    • Źródło (terminu i kodu)
    • rdacontent
337 -Typ mediów [ , ]
    • a
    • Tryb odtwarzania
    • Bez urządzenia pośredniczącego
    • b
    • Kod typu mediów
    • n
    • 2
    • Źródło (terminu i kodu)
    • rdamedia
338 -Typ/rodzaj nośnika [ , ]
    • a
    • Hasło opisujące typ nośnika
    • Wolumin
    • b
    • Kod typu nośnika
    • nc
    • 2
    • Źródło (terminu i kodu)
    • rdacarrier
490 -Strefa serii i książki wielotomowej - forma nie do wyszukiwania [1, ]
    • a
    • Tytuł (P)
    • Biblioteka Prawa Handlowego / redakcja naukowa Andrzej Kidyba Find
830 -Hasło dodatkowe serii i opisu książki wielotomowej - tytuł ujednolicony/tytuł [ ,0]
    • a
    • Tytuł ujednolicony/tytuł (NP)
    • Biblioteka Prawa Handlowego
    • 9
    • KHW
    • 1074
521 -Uwaga dot. przeznaczenia czytelniczego [8, ]
    • a
    • Uwaga dot. przeznaczenia czytelniczego
    • Dla praktyków: adwokatów, radców prawnych, sędziów, notariuszy, komorników, aplikantów zawodów prawniczych oraz dla przedsiębiorców.
080 -Uniwersalna Klasyfikacja Dziesiętna [ , ]
    • 2
    • Identyfikator wydania tablic
    • UDC-P058
    • 9
    • UKD
    • 3509
    • a
    • Symbol klasyfikacji
    • 346.3
    • b
    • Dopowiedzenie
    • Zobowiązania gospodarcze. Umowy gospodarcze.
    • 4
    • UKD2
    • 7642
    • x
    • Poddział wspólny
    • (438)
    • c
    • Dopowiedzenie poddz. wspólnego
    • (Polska).
    • 4
    • UKD2
    • 7987
    • x
    • Poddział wspólny
    • (094.5.072)
    • c
    • Dopowiedzenie poddz. wspólnego
    • (Interpretacje ustaw. Komentarze. Przepisy wykonawcze).
    • 4
    • UKD2
    • 9326
    • x
    • Poddział wspólny
    • (094.8)
    • c
    • Dopowiedzenie poddz. wspólnego
    • (Źródła prawne pochodzące od sądów. Orzecznictwo).
    • 4
    • UKD2
    • 8533
    • x
    • Poddział wspólny
    • (083)
    • c
    • Dopowiedzenie poddz. wspólnego
    • (Zestawienia. Tabele. Wzory. Przepisy).
650 -Hasło przedmiotowe [ ,7]
    • a
    • Hasło przedmiotowe
    • Obrót (ekonomia)
    • x
    • Określnik rzeczowy
    • prawo
    • z
    • Określnik geograficzny
    • Polska.
    • 2
    • Źródło terminu
    • kaba
    • 9
    • KHW
    • 362031
650 -Hasło przedmiotowe [ ,7]
    • a
    • Hasło przedmiotowe
    • Umowy handlowe
    • x
    • Określnik rzeczowy
    • interpretacja
    • z
    • Określnik geograficzny
    • Polska.
    • 2
    • Źródło terminu
    • kaba
    • 9
    • KHW
    • 373757
650 -Hasło przedmiotowe [ ,7]
    • a
    • Hasło przedmiotowe
    • Umowy handlowe
    • z
    • Określnik geograficzny
    • Polska
    • v
    • Określnik formalny
    • orzecznictwo.
    • 2
    • Źródło terminu
    • kaba
    • 9
    • KHW
    • 376861
650 -Hasło przedmiotowe [ ,7]
    • a
    • Hasło przedmiotowe
    • Umowy handlowe
    • x
    • Określnik rzeczowy
    • formularze.
    • 2
    • Źródło terminu
    • kaba
    • 9
    • KHW
    • 376860
980 -Symbol UKD [ , ]
    • a
    • UKD
    • 346.3(438)(083:094.5.072/.8)
700 -Hasło dodatkowe - nazwa osobowa [1, ]
    • a
    • Nazwa osobowa (NP)
    • Dumkiewicz, Małgorzata. Find
    • 9
    • KHW
    • 24167
700 -Hasło dodatkowe - nazwa osobowa [1, ]
    • a
    • Nazwa osobowa (NP)
    • Gawlik, Zdzisław. Find
    • 9
    • KHW
    • 748
700 -Hasło dodatkowe - nazwa osobowa [1, ]
    • a
    • Nazwa osobowa (NP)
    • Goldiszewicz-Wyrzykowska, Agnieszka. Find
    • 9
    • KHW
    • 71301
700 -Hasło dodatkowe - nazwa osobowa [1, ]
    • a
    • Nazwa osobowa (NP)
    • Kopaczyńska-Pieczniak, Katarzyna. Find
    • 9
    • KHW
    • 12297
700 -Hasło dodatkowe - nazwa osobowa [1, ]
    • a
    • Nazwa osobowa (NP)
    • Kozieł, Grzegorz. Find
    • 9
    • KHW
    • 82557
700 -Hasło dodatkowe - nazwa osobowa [1, ]
    • a
    • Nazwa osobowa (NP)
    • Niewęgłowski, Adrian. Find
    • 9
    • KHW
    • 18556
700 -Hasło dodatkowe - nazwa osobowa [1, ]
    • a
    • Nazwa osobowa (NP)
    • Niezbecka, Elżbieta. Find
    • 9
    • KHW
    • 25303
700 -Hasło dodatkowe - nazwa osobowa [1, ]
    • a
    • Nazwa osobowa (NP)
    • Orlicki, Marcin. Find
    • 9
    • KHW
    • 44963
700 -Hasło dodatkowe - nazwa osobowa [1, ]
    • a
    • Nazwa osobowa (NP)
    • Szczotka, Jerzy. Find
    • 9
    • KHW
    • 53942
700 -Hasło dodatkowe - nazwa osobowa [1, ]
    • a
    • Nazwa osobowa (NP)
    • Widło, Jacek. Find
    • 9
    • KHW
    • 13607
700 -Hasło dodatkowe - nazwa osobowa [1, ]
    • a
    • Nazwa osobowa (NP)
    • Wyrwińska, Karolina. Find
    • 9
    • KHW
    • 82558
700 -Hasło dodatkowe - nazwa osobowa [1, ]
    • a
    • Nazwa osobowa (NP)
    • Daszczuk, Paweł Find
    • d
    • Daty biograficzne (NP)
    • (1984- ).
    • 9
    • KHW
    • 82559
700 -Hasło dodatkowe - nazwa osobowa [1, ]
    • a
    • Nazwa osobowa (NP)
    • Wiak, Joanna. Find
    • 9
    • KHW
    • 82560
710 -Hasło dodatkowe - nazwa ciała zbiorowego [2, ]
    • a
    • Nazwa ciała zbiorowego lub nazwa geograficzna jako pierwszy element (NP)
    • Wolters Kluwer Polska.
    • 4
    • Kod relacji
    • pbl
    • 9
    • KHW
    • 52677
920 -ISBN [ , ]
    • a
    • ISBN
    • 978-83-264-1192-2 Find
Status udost. Sygnatura Numer inwentarzowy Data inwentaryzacji Lokalizacja
1SA.23376SA.233762015-06-09BSA